[Event "Olomouc Chess Summer 2022 - C"]
[Site "Olomouc (CZE), Hotel Flora"]
[Date "2022.08.19"]
[Round "8"]
[Board "1"]
[White "Muzika, Paul"]
[Black "Jordanov, Mihail"]
[Result "1/2-1/2"]
[WhiteElo "2095"]
[BlackElo "2094"]
[PlyCount "0"]
[EventDate "2022.08.13"]
[EventRounds "9"]
[EventCountry "CZE"]

1. e4 {[%clk 1:30:53]} e5 {[%clk 1:30:50]} 2. Nf3 {[%clk 1:31:18]} Nc6
{[%clk 1:31:16]} 3. Bb5 {[%clk 1:31:32]} a6 {[%clk 1:31:34]} 4. Ba4
{[%clk 1:31:57]} Nf6 {[%clk 1:31:52]} 5. O-O {[%clk 1:32:18]} Be7
{[%clk 1:31:51]} 6. d3 {[%clk 1:32:30]} d6 {[%clk 1:31:34]} 7. c3
{[%clk 1:32:54]} O-O {[%clk 1:31:52]} 8. Re1 {[%clk 1:33:18]} b5 {[%clk 1:32:04]}
9. Bc2 {[%clk 1:33:43]} d5 {[%clk 1:32:00]} 10. Nbd2 {[%clk 1:33:57]} dxe4
{[%clk 1:31:12]} 11. dxe4 {[%clk 1:34:19]} Be6 {[%clk 1:29:57]} 12. h3
{[%clk 1:34:31]} h6 {[%clk 1:29:12]} 13. Nh2 {[%clk 1:34:48]} Bc5
{[%clk 1:18:17]} 14. Qf3 {[%clk 1:23:29]} b4 {[%clk 1:03:46]} 15. Ndf1
{[%clk 1:17:22]} Kh7 {[%clk 0:54:56]} 16. Ne3 {[%clk 1:15:07]} Bxe3
{[%clk 0:44:41]} 17. Bxe3 {[%clk 1:15:20]} Qe7 {[%clk 0:44:37]} 18. Ng4 Nxg4
{[%clk 0:38:57]} 19. hxg4 {[%clk 1:05:44]} bxc3 {[%clk 0:38:33]} 20. bxc3
{[%clk 1:06:07]} Qh4 {[%clk 0:37:42]} 21. Bd1 {[%clk 1:06:28]} Rfd8
{[%clk 0:36:57]} 22. Be2 {[%clk 1:05:49]} Na5 {[%clk 0:34:00]} 23. g3
{[%clk 1:01:32]} Qe7 {[%clk 0:28:55]} 24. g5 {[%clk 0:59:56]} hxg5
{[%clk 0:26:38]} 25. Qh5+ {[%clk 1:00:14]} Kg8 {[%clk 0:27:04]} 26. Bxg5
{[%clk 1:00:28]} f6 {[%clk 0:27:28]} 27. Bc1 {[%clk 0:48:32]} Qf7
{[%clk 0:24:12]} 28. Qh4 {[%clk 0:43:55]} g5 {[%clk 0:20:44]} 29. Qh6
{[%clk 0:44:15]} Qg7 {[%clk 0:20:35]} 30. Qh5 {[%clk 0:43:26]} Qh7
{[%clk 0:20:06]} 31. Qxh7+ {[%clk 0:39:15]} Kxh7 {[%clk 0:20:31]} 32. f4
{[%clk 0:39:25]} gxf4 {[%clk 0:13:52]} 33. gxf4 {[%clk 0:39:49]} Bg4
{[%clk 0:10:31]} 34. Bxg4 {[%clk 0:31:50]} Rg8 {[%clk 0:10:57]} 35. Kf2
{[%clk 0:32:12]} Rxg4 {[%clk 0:11:22]} 36. Rh1+ {[%clk 0:32:34]} Kg8
{[%clk 0:11:33]} 37. Kf3 {[%clk 0:32:31]} Rg7 {[%clk 0:11:51]} 38. Be3
{[%clk 0:25:35]} Nc4 {[%clk 0:09:53]} 39. Rhg1 {[%clk 0:19:38]} Rd8
{[%clk 0:05:40]} 40. Rxg7+ {[%clk 0:18:20]} Kxg7 {[%clk 0:06:06]} 41. Ke2
{[%clk 0:15:29]} Nxe3 {[%clk 0:26:51]} 42. Kxe3 {[%clk 0:46:34]} exf4+
{[%clk 0:27:17]} 43. Kxf4 {[%clk 0:46:55]} Rd3 {[%clk 0:27:39]} 44. e5
{[%clk 0:46:59]} Rxc3 {[%clk 0:26:13]} 45. exf6+ {[%clk 0:45:45]} Kxf6
{[%clk 0:26:31]} 46. Ke4 {[%clk 0:46:04]} Ke6 {[%clk 0:25:28]} 47. Kd4
{[%clk 0:46:27]} Rc2 {[%clk 0:24:44]} 48. a4 {[%clk 0:46:21]} Kd7
{[%clk 0:19:34]} 49. Kd3 {[%clk 0:29:40]} Rc5 {[%clk 0:14:41]} 50. Kd4
{[%clk 0:29:03]} Kd6 {[%clk 0:13:58]} 51. Ra2 {[%clk 0:28:57]} Rh5
{[%clk 0:11:58]} 52. Kc4 {[%clk 0:28:41]} Rh4+ {[%clk 0:12:17]} 53. Kb3
{[%clk 0:28:50]} c5 {[%clk 0:07:39]} 54. Rg2 {[%clk 0:29:01]} Kd5
{[%clk 0:05:39]} 55. Rg6 {[%clk 0:25:28]} a5 {[%clk 0:05:10]} 56. Ra6
{[%clk 0:25:38]} c4+ {[%clk 0:05:23]} 57. Kc2 {[%clk 0:25:39]} Rh2+
{[%clk 0:05:35]} 58. Kc3 {[%clk 0:25:29]} Rh3+ {[%clk 0:05:58]} 59. Kc2
{[%clk 0:25:55]} Kd4 {[%clk 0:05:07]} 60. Rxa5 {[%clk 0:26:17]} Rh2+
{[%clk 0:05:30]} 61. Kc1 {[%clk 0:26:08]} Kc3 {[%clk 0:05:31]} 62. Kb1
{[%clk 0:19:16]} Rb2+ {[%clk 0:03:20]} 63. Kc1 {[%clk 0:19:08]} Ra2
{[%clk 0:03:19]} 64. Kb1 {[%clk 0:19:19]} Rb2+ {[%clk 0:03:43]} 65. Kc1
{[%clk 0:19:45]} Rg2 {[%clk 0:04:08]} 66. Kb1 {[%clk 0:20:02]} Rg1+
{[%clk 0:03:51]} 67. Ka2 {[%clk 0:20:28]} Kb4 {[%clk 0:03:17]} 68. Ra8
{[%clk 0:20:45]} c3 {[%clk 0:02:36]} 69. Rc8 {[%clk 0:19:25]} Rg2+
{[%clk 0:02:33]} 70. Kb1 {[%clk 0:19:49]} Rg1+ {[%clk 0:02:01]} 71. Kc2
{[%clk 0:20:07]} Rg2+ {[%clk 0:02:20]} 72. Kc1 {[%clk 0:20:32]} Kb3
{[%clk 0:01:54]} 73. Rb8+ {[%clk 0:20:57]} Kxa4 {[%clk 0:02:07]} 74. Ra8+
{[%clk 0:21:23]} Kb4 {[%clk 0:02:32]} 75. Rb8+ {[%clk 0:21:48]} Kc4
{[%clk 0:02:59]} 76. Rc8+ {[%clk 0:22:14]} Kd3 {[%clk 0:03:19]} 77. Rd8+
{[%clk 0:22:40]} Ke2 {[%clk 0:03:45]} 78. Kc2 {[%clk 0:22:51]} Rg3
{[%clk 0:04:06]} 79. Rc8 {[%clk 0:23:02]} Re3 {[%clk 0:04:25]} 80. Rxc3
{[%clk 0:23:26]} Kf3 {[%clk 0:04:45]} 81. Rxe3+ {[%clk 0:23:51]} Kxe3
{[%clk 0:05:06]}  1/2-1/2

[Event "Olomouc Chess Summer 2022 - C"]
[Site "Olomouc (CZE), Hotel Flora"]
[Date "2022.08.19"]
[Round "8"]
[Board "2"]
[White "Marek, Matyas"]
[Black "Fizer, Marek"]
[Result "1-0"]
[WhiteElo "2353"]
[BlackElo "1998"]
[PlyCount "0"]
[EventDate "2022.08.13"]
[EventRounds "9"]
[EventCountry "CZE"]

1. Nf3 {[%clk 1:30:57]} c5 {[%clk 1:30:54]} 2. g3 {[%clk 1:31:23]} Nc6
{[%clk 1:31:18]} 3. Bg2 {[%clk 1:31:50]} g6 {[%clk 1:31:41]} 4. O-O
{[%clk 1:32:16]} Bg7 {[%clk 1:32:06]} 5. c3 {[%clk 1:32:43]} e5 {[%clk 1:32:20]}
6. d4 {[%clk 1:33:09]} d6 {[%clk 1:31:09]} 7. dxc5 {[%clk 1:30:50]} dxc5
{[%clk 1:30:59]} 8. Be3 {[%clk 1:28:01]} Qe7 {[%clk 1:23:35]} 9. Nbd2
{[%clk 1:25:13]} e4 {[%clk 1:09:39]} 10. Ng5 {[%clk 1:16:29]} f5 {[%clk 1:08:12]}
11. Nc4 {[%clk 1:16:53]} Be5 {[%clk 1:01:57]} 12. Qd5 {[%clk 1:13:01]} Nf6
{[%clk 1:01:22]} 13. Qxc5 {[%clk 1:13:26]} Qxc5 {[%clk 1:01:43]} 14. Bxc5
{[%clk 1:13:51]} h6 {[%clk 1:01:32]} 15. Nxe5 {[%clk 1:13:41]} Nxe5
{[%clk 1:01:46]} 16. Bd4 {[%clk 1:13:44]} hxg5 {[%clk 0:58:19]} 17. Bxe5
{[%clk 1:14:07]} Kf7 {[%clk 0:52:25]} 18. f3 {[%clk 1:13:22]} exf3
{[%clk 0:51:54]} 19. exf3 {[%clk 1:12:55]} Re8 {[%clk 0:47:16]} 20. Rfe1
{[%clk 1:12:52]} Be6 {[%clk 0:46:06]} 21. b3 {[%clk 1:08:32]} Rad8
{[%clk 0:44:51]} 22. Bd4 {[%clk 1:08:42]} b6 {[%clk 0:43:46]} 23. Bf1 Bd5
{[%clk 0:40:21]} 24. Rxe8 {[%clk 1:05:54]} Rxe8 {[%clk 0:38:53]} 25. Bb5
{[%clk 1:04:54]} Rc8 {[%clk 0:35:26]} 26. Rf1 {[%clk 1:02:31]} Ne8
{[%clk 0:26:53]} 27. Be2 {[%clk 1:00:31]} Nc7 {[%clk 0:24:44]} 28. Rd1
{[%clk 1:00:05]} Ke6 {[%clk 0:07:14]} 29. Be3 {[%clk 0:59:21]} Kf6
{[%clk 0:06:29]} 30. c4 {[%clk 0:59:35]} Be6 {[%clk 0:05:03]} 31. a4
{[%clk 0:47:02]} Na6 {[%clk 0:02:57]} 32. a5 {[%clk 0:47:10]} bxa5
{[%clk 0:01:57]} 33. Bxa7 {[%clk 0:47:16]} Nc5 {[%clk 0:01:47]} 34. Rb1
{[%clk 0:45:56]} Ke5 {[%clk 0:01:04]} 35. Bb6 {[%clk 0:46:11]} a4
{[%clk 0:01:14]} 36. Bxc5 {[%clk 0:41:43]} Rxc5 {[%clk 0:01:42]} 37. bxa4
{[%clk 0:42:07]} Kd4 {[%clk 0:01:33]} 38. Rb6 {[%clk 0:37:41]} Bf7
{[%clk 0:00:59]} 39. Rb5 {[%clk 0:31:51]} Rc6 {[%clk 0:00:41]} 40. Kf2
{[%clk 0:31:50]} Be6 {[%clk 0:00:34]} 41. a5 {[%clk 0:31:29]} Bc8
{[%clk 0:19:33]} 42. Rb6 {[%clk 0:42:15]} Rxb6 {[%clk 0:17:26]} 43. axb6
{[%clk 0:42:43]} f4 {[%clk 0:17:48]} 44. h4 {[%clk 0:43:05]} gxh4
{[%clk 0:03:29]} 45. gxh4 {[%clk 0:42:22]} Bb7 {[%clk 0:03:22]} 46. Bd1
{[%clk 0:41:56]} Kxc4 {[%clk 0:01:11]} 47. Bc2 {[%clk 0:42:19]} Kc5
{[%clk 0:00:41]} 48. Bxg6 {[%clk 0:42:29]}  1-0

[Event "Olomouc Chess Summer 2022 - C"]
[Site "Olomouc (CZE), Hotel Flora"]
[Date "2022.08.20"]
[Round "9"]
[Board "1"]
[White "Al-Ali, Hussein Ali Hussein"]
[Black "Muzika, Paul"]
[Result "1/2-1/2"]
[WhiteElo "2235"]
[BlackElo "2095"]
[PlyCount "0"]
[EventDate "2022.08.13"]
[EventRounds "9"]
[EventCountry "CZE"]

1. e4 {[%clk 1:25:13]} e5 {[%clk 1:29:49]} 2. Nf3 {[%clk 1:25:33]} Nc6
{[%clk 1:30:13]} 3. Nc3 {[%clk 1:25:53]} Nf6 {[%clk 1:30:31]} 4. g3
{[%clk 1:26:15]} Bc5 {[%clk 1:30:48]} 5. Bg2 {[%clk 1:26:38]} d6 {[%clk 1:31:04]}
6. d3 {[%clk 1:26:46]} a6 {[%clk 1:31:13]} 7. Be3 {[%clk 1:26:39]} Bxe3
{[%clk 1:26:56]} 8. fxe3 {[%clk 1:27:03]} Be6 {[%clk 1:26:17]} 9. Qd2
{[%clk 1:27:00]} h6 {[%clk 1:25:01]} 10. O-O {[%clk 1:26:56]} O-O
{[%clk 1:19:40]} 11. Nh4 {[%clk 1:27:02]} g6 {[%clk 1:12:16]} 12. b3
{[%clk 1:26:05]} b5 {[%clk 1:02:27]} 13. a3 {[%clk 1:26:05]} Kg7 {[%clk 1:01:33]}
14. d4 {[%clk 1:25:43]} Bg4 {[%clk 1:00:29]} 15. a4 {[%clk 1:24:08]} bxa4
{[%clk 0:42:32]} 16. Rxa4 {[%clk 1:23:48]} Ne7 {[%clk 0:39:57]} 17. Qf2
{[%clk 1:21:08]} Nh7 {[%clk 0:38:56]} 18. Rfa1 {[%clk 1:21:10]} Bc8
{[%clk 0:37:05]} 19. dxe5 {[%clk 1:17:43]} dxe5 {[%clk 0:37:17]} 20. Rd1
{[%clk 1:17:42]} Bd7 {[%clk 0:30:55]} 21. Nf3 {[%clk 1:16:55]} f6
{[%clk 0:29:26]} 22. Bh3 {[%clk 1:12:19]} Bxh3 {[%clk 0:29:50]} 23. Rxd8
{[%clk 1:12:44]} Rfxd8 {[%clk 0:30:17]} 24. Ra1 {[%clk 1:12:15]} Rd6
{[%clk 0:30:01]} 25. Rd1 {[%clk 1:11:07]} Rad8 {[%clk 0:30:20]} 26. Rxd6
{[%clk 1:09:20]} Rxd6 {[%clk 0:30:44]} 27. Kh1 {[%clk 1:05:41]} Ng5
{[%clk 0:25:02]} 28. Ng1 {[%clk 1:05:16]} Bd7 {[%clk 0:25:19]} 29. Nf3
{[%clk 1:01:27]} Nxf3 {[%clk 0:22:11]} 30. Qxf3 {[%clk 1:01:51]} Bc6
{[%clk 0:22:29]} 31. Qe2 {[%clk 1:02:04]} h5 {[%clk 0:20:44]} 32. Kg1
{[%clk 1:02:27]} Bd7 {[%clk 0:20:05]} 33. Kg2 {[%clk 0:59:34]} Bg4
{[%clk 0:19:31]} 34. Qe1 {[%clk 0:59:54]} Rc6 {[%clk 0:18:40]} 35. h3
{[%clk 0:59:54]} Be6 {[%clk 0:18:55]} 36. Qd2 {[%clk 1:00:06]} Rd6
{[%clk 0:19:20]} 37. Qe2 {[%clk 0:59:28]} Nc6 {[%clk 0:11:03]} 38. Nd5
{[%clk 0:58:23]} Bxd5 {[%clk 0:08:46]} 39. exd5 {[%clk 0:58:04]} Rxd5
{[%clk 0:09:09]} 40. Qc4 {[%clk 0:58:06]} Rd6 {[%clk 0:09:25]} 41. b4
{[%clk 0:58:01]} f5 {[%clk 0:05:22]} 42. Kf1 {[%clk 0:57:17]} Kf6
{[%clk 0:30:53]} 43. Ke2 {[%clk 1:19:34]} Ne7 {[%clk 0:27:46]} 44. c3
{[%clk 1:11:17]} Rc6 {[%clk 0:22:50]} 45. Qb3 {[%clk 1:11:30]} Kg7
{[%clk 0:19:05]} 46. c4 {[%clk 1:10:44]} Kf8 {[%clk 0:18:56]} 47. c5
{[%clk 1:09:58]} Ke8 {[%clk 0:18:15]} 48. Qa2 {[%clk 1:08:07]} Rf6
{[%clk 0:17:16]} 49. Qa1 {[%clk 1:03:37]} Re6 {[%clk 0:17:35]} 50. Qa2
{[%clk 1:00:38]} Rf6 {[%clk 0:17:14]} 51. Qb2 {[%clk 0:59:20]} Re6
{[%clk 0:17:30]} 52. Kd3 {[%clk 0:59:38]} Kd7 {[%clk 0:15:16]} 53. Qa2
{[%clk 0:59:26]} Rf6 {[%clk 0:13:27]} 54. Qa1 {[%clk 0:58:26]} Re6
{[%clk 0:13:40]} 55. Kc4 {[%clk 0:58:29]} Kc8 {[%clk 0:13:20]} 56. Qa4
{[%clk 0:58:13]} Kd8 {[%clk 0:13:26]} 57. Qd1+ {[%clk 0:56:36]} Ke8
{[%clk 0:12:59]} 58. Qh1 {[%clk 0:54:57]} Rc6 {[%clk 0:12:23]} 59. g4
{[%clk 0:55:04]} hxg4 {[%clk 0:12:13]} 60. hxg4 {[%clk 0:55:24]} e4
{[%clk 0:08:13]} 61. g5 {[%clk 0:51:39]} Kd7 {[%clk 0:08:22]} 62. Kd4
{[%clk 0:49:10]} Kd8 {[%clk 0:08:29]} 63. Qh7 {[%clk 0:48:53]} Kd7
{[%clk 0:08:44]} 64. Qf7 {[%clk 0:48:05]} Kd8 {[%clk 0:08:37]} 65. Ke5
{[%clk 0:46:59]} Kd7 {[%clk 0:08:58]} 66. Qa2 {[%clk 0:45:08]} Kd8
{[%clk 0:09:04]} 67. Qd2+ {[%clk 0:45:07]} Ke8 {[%clk 0:08:13]} 68. Qd4
{[%clk 0:43:46]} Nc8 {[%clk 0:08:14]} 69. Kd5 {[%clk 0:43:27]} Ne7+
{[%clk 0:08:37]} 70. Kc4 {[%clk 0:43:36]} Re6 {[%clk 0:08:08]} 71. Qh8+
{[%clk 0:43:08]} Kd7 {[%clk 0:08:32]} 72. Qh2 {[%clk 0:43:18]} Rc6
{[%clk 0:08:44]} 73. Qd2+ {[%clk 0:42:53]} Ke8 {[%clk 0:09:00]} 74. Qh2
{[%clk 0:41:35]} Kd7 {[%clk 0:09:14]} 75. b5 {[%clk 0:41:55]} axb5+
{[%clk 0:09:39]} 76. Kxb5 {[%clk 0:42:14]} Re6 {[%clk 0:09:17]} 77. Qh4
{[%clk 0:40:15]} Rc6 {[%clk 0:08:30]} 78. Qh8 {[%clk 0:39:31]} Re6
{[%clk 0:08:36]} 79. Qf8 {[%clk 0:39:40]} Rc6 {[%clk 0:07:19]} 80. Qf7
{[%clk 0:39:44]} Kd8 {[%clk 0:07:28]} 81. Kc4 {[%clk 0:38:13]} Kd7
{[%clk 0:07:47]} 82. Kd4 {[%clk 0:37:59]} Kd8 {[%clk 0:08:13]} 83. Qc4
{[%clk 0:37:41]} Kd7 {[%clk 0:08:38]} 84. Ke5 {[%clk 0:37:34]} Kd8
{[%clk 0:08:58]} 85. Qb5 {[%clk 0:37:04]} Kd7 {[%clk 0:09:16]} 86. Qa4
{[%clk 0:34:34]} Kd8 {[%clk 0:09:13]} 87. Qd4+ {[%clk 0:27:26]} Ke8
{[%clk 0:09:39]} 88. Kf4 {[%clk 0:24:40]} Re6 {[%clk 0:09:53]} 89. Kg3
{[%clk 0:24:18]} Rc6 {[%clk 0:10:06]} 90. Kf2 {[%clk 0:23:02]} Re6
{[%clk 0:10:20]} 91. Qa4+ {[%clk 0:22:21]} Rc6 {[%clk 0:10:43]} 92. Ke2
{[%clk 0:21:16]} Kd7 {[%clk 0:11:10]} 93. Kd2 {[%clk 0:20:38]} Kd8
{[%clk 0:11:35]} 94. Qd4+ {[%clk 0:20:21]} Ke8 {[%clk 0:12:00]} 95. Ke1
{[%clk 0:19:04]} Re6 {[%clk 0:12:08]} 96. Ke2 {[%clk 0:18:48]} Rc6
{[%clk 0:12:33]} 97. Qc4 {[%clk 0:18:22]} Kd7 {[%clk 0:12:54]} 98. Kf2
{[%clk 0:18:40]} Kd8 {[%clk 0:13:09]} 99. Kg3 {[%clk 0:18:55]} Kd7
{[%clk 0:13:35]} 100. Kf4 {[%clk 0:18:11]} Ke8 {[%clk 0:14:00]} 101. Qd4
{[%clk 0:18:18]} Re6 {[%clk 0:14:16]} 102. Qa4+ {[%clk 0:17:09]} Rc6
{[%clk 0:14:34]} 103. Ke5 {[%clk 0:16:49]} Kd8 {[%clk 0:14:50]} 104. Qb5
{[%clk 0:16:19]} Kd7 {[%clk 0:15:10]} 105. Qc4 {[%clk 0:16:12]} Kd8
{[%clk 0:15:30]} 106. Qc1 {[%clk 0:15:30]} Kd7 {[%clk 0:15:49]} 107. Qd1+
{[%clk 0:15:36]} Ke8 {[%clk 0:16:13]} 108. Qd4 {[%clk 0:15:21]} Ra6
{[%clk 0:16:26]} 109. Qb2 {[%clk 0:14:11]} Rc6 {[%clk 0:16:48]} 110. Qb4
{[%clk 0:14:25]} Kd7 {[%clk 0:17:09]} 111. Qb5 {[%clk 0:14:35]} Kd8
{[%clk 0:17:34]} 112. Qb4 {[%clk 0:14:40]} Kd7 {[%clk 0:17:59]} 113. Qd2+
{[%clk 0:15:03]} Ke8 {[%clk 0:18:23]} 114. Qd4 {[%clk 0:15:28]} Ra6
{[%clk 0:18:19]} 115. Kf4 {[%clk 0:15:52]} Rc6 {[%clk 0:18:38]}  1/2-1/2

[Event "Olomouc Chess Summer 2022 - C"]
[Site "Olomouc (CZE), Hotel Flora"]
[Date "2022.08.20"]
[Round "9"]
[Board "2"]
[White "Jordanov, Mihail"]
[Black "Marek, Matyas"]
[Result "1-0"]
[WhiteElo "2094"]
[BlackElo "2353"]
[PlyCount "0"]
[EventDate "2022.08.13"]
[EventRounds "9"]
[EventCountry "CZE"]

1. e4 {[%clk 1:30:56]} c5 {[%clk 1:30:56]} 2. Nf3 {[%clk 1:31:17]} e6
{[%clk 1:31:23]} 3. d4 {[%clk 1:31:40]} cxd4 {[%clk 1:31:50]} 4. Nxd4
{[%clk 1:32:04]} a6 {[%clk 1:32:18]} 5. Bd3 {[%clk 1:32:02]} Bc5 {[%clk 1:32:43]}
6. Nb3 {[%clk 1:32:10]} Ba7 {[%clk 1:33:09]} 7. Qg4 {[%clk 1:31:33]} Nf6
{[%clk 1:33:33]} 8. Qg3 {[%clk 1:31:05]} d6 {[%clk 1:33:56]} 9. Nc3
{[%clk 1:29:14]} Nc6 {[%clk 1:33:48]} 10. Bg5 {[%clk 1:29:17]} h6
{[%clk 1:33:46]} 11. Bd2 {[%clk 1:29:15]} b5 {[%clk 1:33:15]} 12. f4
{[%clk 1:23:01]} b4 {[%clk 1:10:35]} 13. Ne2 {[%clk 1:18:23]} O-O
{[%clk 1:07:53]} 14. O-O-O {[%clk 1:10:21]} Kh8 {[%clk 1:03:53]} 15. Kb1
{[%clk 1:00:00]} a5 {[%clk 1:00:58]} 16. Qh3 {[%clk 0:55:36]} a4 {[%clk 0:49:37]}
17. Nbc1 {[%clk 0:55:35]} a3 {[%clk 0:48:32]} 18. b3 {[%clk 0:49:43]} Rb8
{[%clk 0:40:28]} 19. g4 {[%clk 0:42:29]} Nh7 {[%clk 0:38:29]} 20. Qg3
{[%clk 0:31:49]} Qf6 {[%clk 0:31:30]} 21. e5 {[%clk 0:24:07]} dxe5
{[%clk 0:31:17]} 22. g5 {[%clk 0:24:26]} Qe7 {[%clk 0:15:49]} 23. gxh6
{[%clk 0:18:39]} g6 {[%clk 0:15:34]} 24. fxe5 {[%clk 0:18:48]} Qc5
{[%clk 0:15:30]} 25. Bf4 {[%clk 0:16:40]} Ne7 {[%clk 0:15:07]} 26. Be4
{[%clk 0:13:59]} Bb7 {[%clk 0:13:21]} 27. Nd3 {[%clk 0:13:08]} Qb6
{[%clk 0:13:36]} 28. Bxb7 {[%clk 0:13:14]} Qxb7 {[%clk 0:13:55]} 29. Rhf1
{[%clk 0:11:05]} Nf5 {[%clk 0:13:33]} 30. Qf3 {[%clk 0:10:30]} Qc7
{[%clk 0:13:52]} 31. Qe4 {[%clk 0:10:24]} Rfc8 {[%clk 0:07:33]} 32. Rc1
{[%clk 0:10:21]} Rd8 {[%clk 0:07:54]} 33. Bd2 {[%clk 0:07:44]} Nd4
{[%clk 0:04:07]} 34. Nxb4 {[%clk 0:04:37]} Ng5 {[%clk 0:01:27]} 35. Qf4
{[%clk 0:02:44]} Kh7 {[%clk 0:00:32]} 36. Qf6 {[%clk 0:02:11]} Rg8
{[%clk 0:00:36]} 37. Nxd4 {[%clk 0:00:58]} Bxd4 {[%clk 0:00:38]} 38. Bxg5
{[%clk 0:00:56]} Rb7 {[%clk 0:00:43]} 39. Bd2 {[%clk 0:00:55]} Bxe5
{[%clk 0:00:52]} 40. Qf3 {[%clk 0:00:55]} Rd8 {[%clk 0:00:54]} 41. Nd3
{[%clk 0:29:53]} Bh8 {[%clk 0:30:57]} 42. h4 {[%clk 0:16:51]} Qd7
{[%clk 0:30:14]} 43. Qe3 {[%clk 0:14:12]} Rb5 {[%clk 0:29:53]} 44. Rf4
{[%clk 0:13:26]} e5 {[%clk 0:28:40]} 45. Ra4 {[%clk 0:12:28]} Qe6
{[%clk 0:27:08]} 46. Bc3 {[%clk 0:11:42]}  1-0

[Event "Olomouc Chess Summer 2022 - C"]
[Site "Olomouc (CZE), Hotel Flora"]
[Date "2022.08.20"]
[Round "9"]
[Board "4"]
[White "Soban, Jaroslav"]
[Black "Mohapl, Tomas"]
[Result "1/2-1/2"]
[WhiteElo "2101"]
[BlackElo "1877"]
[PlyCount "0"]
[EventDate "2022.08.13"]
[EventRounds "9"]
[EventCountry "CZE"]

1. c4 {[%clk 1:30:54]} c6 {[%clk 1:30:53]} 2. e4 {[%clk 1:31:18]} d5
{[%clk 1:31:14]} 3. exd5 {[%clk 1:31:42]} cxd5 {[%clk 1:31:39]} 4. cxd5
{[%clk 1:32:08]} Nf6 {[%clk 1:26:31]} 5. Qa4+ {[%clk 1:32:27]} Nbd7
{[%clk 1:23:28]} 6. Nc3 {[%clk 1:32:30]} g6 {[%clk 1:16:11]} 7. Bc4
{[%clk 1:27:39]} Bg7 {[%clk 1:14:01]} 8. Nf3 {[%clk 1:19:38]} O-O
{[%clk 1:12:35]} 9. d3 {[%clk 1:19:06]} Nb6 {[%clk 0:46:46]} 10. Qb3
{[%clk 1:18:58]} Bg4 {[%clk 0:44:31]} 11. Ng5 {[%clk 0:59:52]} Rc8
{[%clk 0:38:07]} 12. Be3 {[%clk 0:53:55]} Nxc4 {[%clk 0:15:13]} 13. dxc4
{[%clk 0:53:44]} Qc7 {[%clk 0:09:03]} 14. h3 {[%clk 0:38:25]} Bf5
{[%clk 0:08:41]} 15. c5 {[%clk 0:38:38]} h6 {[%clk 0:07:59]} 16. Nf3
{[%clk 0:38:49]} Be4 {[%clk 0:07:42]} 17. Nxe4 {[%clk 0:37:43]} Nxe4
{[%clk 0:08:07]} 18. O-O {[%clk 0:29:00]} Nxc5 {[%clk 0:07:18]} 19. Qa3
{[%clk 0:26:59]} b6 {[%clk 0:05:21]} 20. Rac1 {[%clk 0:27:19]} Qd6
{[%clk 0:05:27]} 21. b4 {[%clk 0:23:38]} Ne4 {[%clk 0:04:18]} 22. Qxa7
{[%clk 0:13:49]} Qxb4 {[%clk 0:03:51]} 23. Qxb6 {[%clk 0:13:52]} Qxb6
{[%clk 0:03:14]} 24. Bxb6 {[%clk 0:14:20]} Ra8 {[%clk 0:03:17]} 25. Rfe1
{[%clk 0:11:24]} Nc3 {[%clk 0:02:19]} 26. Rxe7 {[%clk 0:07:22]}  1/2-1/2

[Event "Olomouc Chess Summer 2022 - C"]
[Site "Olomouc (CZE), Hotel Flora"]
[Date "2022.08.20"]
[Round "9"]
[Board "5"]
[White "Svancara, Petr"]
[Black "Fizer, Marek"]
[Result "1-0"]
[WhiteElo "2145"]
[BlackElo "1998"]
[PlyCount "0"]
[EventDate "2022.08.13"]
[EventRounds "9"]
[EventCountry "CZE"]

1. d4 {[%clk 1:30:56]} d5 {[%clk 1:30:48]} 2. Nf3 {[%clk 1:31:20]} Nf6
{[%clk 1:31:12]} 3. Bf4 {[%clk 1:31:17]} e6 {[%clk 1:31:08]} 4. e3
{[%clk 1:31:39]} Bd6 {[%clk 1:30:48]} 5. Bg3 {[%clk 1:31:18]} O-O
{[%clk 1:30:34]} 6. Bd3 {[%clk 1:31:39]} Nbd7 {[%clk 1:29:33]} 7. Nbd2
{[%clk 1:31:23]} Qe7 {[%clk 1:27:20]} 8. Ne5 {[%clk 1:31:14]} b6 {[%clk 1:22:47]}
9. O-O {[%clk 1:29:58]} Bb7 {[%clk 1:19:01]} 10. c3 {[%clk 1:26:21]} a6
{[%clk 1:13:00]} 11. Qe2 {[%clk 1:13:26]} Ne4 {[%clk 1:02:51]} 12. Nxd7
{[%clk 1:11:40]} Qxd7 {[%clk 1:02:14]} 13. Bxd6 {[%clk 1:11:56]} Qxd6
{[%clk 0:59:15]} 14. Rad1 {[%clk 1:08:01]} Nxd2 {[%clk 0:53:34]} 15. Rxd2
{[%clk 1:07:02]} c5 {[%clk 0:52:45]} 16. f4 {[%clk 1:05:53]} c4 {[%clk 0:51:19]}
17. Bc2 {[%clk 1:05:34]} f5 {[%clk 0:50:58]} 18. Kh1 {[%clk 0:59:35]} b5
{[%clk 0:48:10]} 19. Qe1 {[%clk 0:51:06]} a5 {[%clk 0:40:25]} 20. Rg1
{[%clk 0:45:49]} g6 {[%clk 0:14:30]} 21. g4 {[%clk 0:43:12]} Qe7 {[%clk 0:13:23]}
22. Rdg2 {[%clk 0:43:12]} Ra6 {[%clk 0:11:52]} 23. h4 {[%clk 0:39:42]} Bc6
{[%clk 0:10:22]} 24. h5 {[%clk 0:36:00]} Be8 {[%clk 0:09:06]} 25. Qg3
{[%clk 0:30:41]} Kg7 {[%clk 0:07:50]} 26. Qh3 {[%clk 0:28:20]} Qf6
{[%clk 0:01:55]} 27. Rh2 {[%clk 0:18:19]} b4 {[%clk 0:00:54]} 28. hxg6
{[%clk 0:15:47]} Bxg6 {[%clk 0:01:18]} 29. gxf5 {[%clk 0:14:58]} exf5
{[%clk 0:00:55]} 30. Qxh7# {[%clk 0:15:17]}  1-0

[Event "Olomouc Chess Summer 2022 - D"]
[Site "Olomouc (CZE), Hotel Flora"]
[Date "2022.08.13"]
[Round "1"]
[Board "1"]
[White "Vrana, Frantisek"]
[Black "Fiser, Jiri"]
[Result "1-0"]
[WhiteElo "2214"]
[BlackElo "1768"]
[PlyCount "0"]
[EventDate "2022.08.13"]
[EventRounds "9"]
[EventCountry "CZE"]

1. c4 {[%clk 1:30:50]} f5 {[%clk 1:30:47]} 2. d4 {[%clk 1:30:51]} Nf6
{[%clk 1:31:12]} 3. g3 {[%clk 1:30:21]} g6 {[%clk 1:31:39]} 4. Bg2
{[%clk 1:30:43]} Bg7 {[%clk 1:32:03]} 5. Nc3 {[%clk 1:30:57]} d6 {[%clk 1:32:18]}
6. Nf3 {[%clk 1:30:40]} O-O {[%clk 1:32:34]} 7. O-O {[%clk 1:30:59]} c6
{[%clk 1:29:53]} 8. Re1 {[%clk 1:24:55]} Na6 {[%clk 1:22:35]} 9. e4
{[%clk 1:21:32]} fxe4 {[%clk 1:22:52]} 10. Nxe4 {[%clk 1:21:55]} Nxe4
{[%clk 1:22:48]} 11. Rxe4 {[%clk 1:22:19]} Bf5 {[%clk 1:22:35]} 12. Re1
{[%clk 1:13:10]} Qd7 {[%clk 1:09:14]} 13. Nh4 {[%clk 1:09:18]} Bg4
{[%clk 1:02:34]} 14. f3 {[%clk 1:07:28]} Be6 {[%clk 1:02:46]} 15. d5
{[%clk 1:06:31]} cxd5 {[%clk 1:02:40]} 16. cxd5 {[%clk 1:06:54]} Bf7
{[%clk 1:02:52]} 17. f4 {[%clk 0:58:57]} Rac8 {[%clk 1:00:26]} 18. Bf3
{[%clk 0:46:47]} Rc7 {[%clk 0:51:13]} 19. Re2 {[%clk 0:42:22]} e5
{[%clk 0:35:10]} 20. dxe6 {[%clk 0:42:34]} Bxe6 {[%clk 0:35:11]} 21. Rxe6
{[%clk 0:42:44]}  1-0